Air Pollution Control Engineering /
Zapisane w:
| 1. autor: | |
|---|---|
| Format: | Sách giấy |
| Język: | English |
| Wydane: |
Singapore :
McGraw-Hill,
1995
|
| Etykiety: |
Dodaj etykietę
Nie ma etykietki, Dołącz pierwszą etykiete!
|
| Thư viện lưu trữ: | Thư viện Trường Đại học Đà Lạt |
|---|
| LEADER | 00538nam a2200229 4500 | ||
|---|---|---|---|
| 001 | DLU020000469 | ||
| 005 | ##12/21/1998 | ||
| 041 | # | # | |a eng |
| 082 | # | # | |a 628.53 |b NE-N |
| 100 | # | # | |a Nevers, Noel De |
| 245 | # | # | |a Air Pollution Control Engineering / |c Noel de Nevers |
| 260 | # | # | |a Singapore : |b McGraw-Hill, |c 1995 |
| 300 | # | # | |a XX, 506 tr.; |c 23 cm. |
| 992 | # | # | |a 193989 |
| 994 | # | # | |a DLU |
| 900 | # | # | |a False |
| 911 | # | # | |a Administrator |
| 925 | # | # | |a G |
| 926 | # | # | |a A |
| 927 | # | # | |a SH |
| 980 | # | # | |a Thư viện Trường Đại học Đà Lạt |